Figures of probability density functions in statistics

Saved in:
書目詳細資料
Main Authors: Hirano, Katuomi (Author), Kuboki, Hisataka (Author), Aki, Seigo (Author), Kuribayashi, Atsuko (Author)
格式: 圖書
語言:英语
出版: Tokio Institute of Statistical Mathematics 1983
叢編:Computer Science Monographs
主題:
標簽: 添加標簽
沒有標簽, 成為第一個標記此記錄!

MARC

LEADER 00000nam a2200000 a 4500
001 UCP2228
003 CL-VaPUC
008 990507e19830200ja |||||||||||||||||eng|d
082 0 4 |a 519.5  |b HIR  |2 21 
100 0 |a Hirano, Katuomi  |e author  |9 428783 
700 0 |a Kuboki, Hisataka  |e author  |9 428784 
700 0 |a Aki, Seigo  |e author  |9 428785 
700 0 |a Kuribayashi, Atsuko  |e author  |9 428786 
245 1 0 |a Figures of probability density functions in statistics 
300 |a v 
942 |c BK 
945 |d 19990507 00:00:00  |a crobeson 
260 |a Tokio  |b Institute of Statistical Mathematics  |c 1983 
500 |a v.1: Continuous univariate case 
500 |a v.2: Discrete univariate case 
650 0 |a Estadística matemática  |9 260028 
650 7 |a DISTRIBUCION ESTADISTICA  |2 CL-VaPUC  |9 428787 
650 7 |a DISTRIBUCION DE PROBABILIDADE  |2 CL-VaPUC  |9 428788 
650 0 |a Gráficos   |9 351109 
583 |a last modification  |c 20171114 01:27:17  |k Rodrigo Vera 
490 0 |a Computer Science Monographs 
999 |c 280788  |d 280786 
952 |0 0  |1 0  |4 0  |6 519_500000000000000_HIR_1983  |7 0  |8 A  |9 321292  |a BIBGIM  |b BIBGIM  |d 2019-11-20  |h v.1  |i 1344765  |o 519.5 HIR 1983  |p 1344765  |r 2025-01-15  |w 2019-11-20  |y BK  |k EST 
952 |0 0  |1 0  |4 0  |6 519_500000000000000_HIR_1983  |7 0  |8 A  |9 321293  |a BIBGIM  |b BIBGIM  |d 2019-11-20  |h v.2  |i 1344773  |o 519.5 HIR 1983  |p 1344773  |r 2025-01-15  |w 2019-11-20  |y BK  |k EST 
952 |0 0  |1 0  |4 0  |6 519_500000000000000_HIR_1983  |7 0  |8 A  |9 321294  |a BIBGIM  |b BIBGIM  |d 2019-11-20  |h v.1  |i 1350013  |o 519.5 HIR 1983  |p 1350013  |r 2025-01-15  |w 2019-11-20  |y BK  |k EST